000
00309pam a2200145 a 4500
020
_c
041
_a
eng
082
_a
624.01
_b
GKP
100
_a
GKP.
245
_a
Civil Engineering
_h
Textual Documents
250
_a
2009.
260
_a
Faridabad
_b
G.K.Publications
_c
2009
300
_a
58p.
930
_a
11682
999
_c
88585
_d
88585